000
00202nam a2200097Ia 4500
100
_a
#N/A
942
_c
BK
245
_a
DREAMWEAVER 4 BIBLE
260
_b
JDG PUBLISHER
_a
New Delhi
_c
2000
546
_a
ENGLISH
999
_c
24986
_d
24986